| 000 | 00961cab a2200265 4500 | ||
|---|---|---|---|
| 001 | WB3443-21 | ||
| 008 | 090401t1998 xxu||||| |||| 00| 0 eng d | ||
| 035 | _a(Sirsi) u89656 | ||
| 041 | _aeng | ||
| 245 | _aUnfinished business for PFI task force | ||
| 260 | _c1998 | ||
| 350 | _a0 | ||
| 490 |
_aTimes _v13 November 1998, 31 |
||
| 490 |
_aGuardian _v13 November 1998, 27(2) |
||
| 520 | _aThe Confederation of British Industry is appealing for the Private Finance Initiative task force to continue, although it is scheduled to end next summer. The task forces` most recent projects include improving run-down housing estates in the poorer estates of Great Britain. | ||
| 650 | _aCONFEDERATION OF BRITISH INDUSTRY | ||
| 650 | _aHOUSING ESTATES | ||
| 650 | _aHOUSING | ||
| 650 | _aPFI | ||
| 650 | _aPRIVATE FINANCE INITIATIVES | ||
| 650 | _aTASK FORCES | ||
| 690 | _aPROPERTY-PROPERTY FINANCE AND INVESTMENT | ||
| 942 | _n0 | ||
| 948 | _c13/11/1998 | ||
| 999 |
_c56753 _d56753 |
||